Statistics for Islands with a population of over 500,000 people

Click here to take the quiz!

General Stats

  • This quiz has been taken 88 times
  • The average score is 20 of 79

Answer Stats

Island% Correct
19Ireland
89%
7Madagascar
82%
16Cuba
76%
33Jamaica
69%
6Taiwan
68%
2Honshu
66%
3Great Britain
65%
1Java
65%
54Cyprus
62%
9Borneo
61%
21Hokkaido
61%
5Sumatra
58%
22Sicily
56%
4Luzon
54%
29North Island
51%
20Singapore
49%
55South Island
49%
25Bali
48%
72Crete
48%
14Kyushu
48%
42Sardinia
48%
15New Guinea
46%
77Tasmania
44%
50Mauritius
35%
27Shikoku
35%
12Celebes
34%
35Zealand
32%
17Hainan
31%
30Puerto Rico
30%
32Timor
30%
56Oahu
28%
26Cebu
27%
18Long Island
27%
79Newfoundland
27%
58Tenerife
24%
39Flores
20%
62Gran Canaria
20%
73Jeju
17%
60Majorca
17%
63Reunion
14%
70Viti Levu
14%
10Hispanola
13%
23Negros
13%
64Palawan
13%
36Leyte
11%
43Manhattan Island
11%
69Sumba
11%
68Vancouver Island
11%
24Panay
10%
13Salsette
10%
46Sumbawa
10%
47Mindoro
7%
75Phuket
7%
41Samar
7%
57Bangka
6%
49Hong Kong Island
6%
52Batam
4%
71Masbate
4%
76New Britain
4%
67Nias
4%
51Bohol
3%
65Cangshan
3%
74Chongming
3%
28Madura
3%
78Zhoushan
3%
53Bahrain Island
1%
44Haizhu
1%
31Lombock
1%
48Okinawa Island
1%
66Sao Vicente
1%
40Bhola Island
0%
11Ceylon (Sri Lanka)
0%
37Island of Montreal
0%
8Minadanao
0%
61Penang Island
0%
45Sao Louis
0%
59Unguja
0%
38Xiamen Island
0%
34Zhonzang Island
0%

Score Distribution

Percentile by Number Answered

Percent of People with Each Score

Your Score History

You have not taken this quiz